| 000 | 00360nam a2200157Ia 4500 | ||
|---|---|---|---|
| 008 | 191201s2007 xx 000 0 und d | ||
| 020 | _a9780070486935 | ||
| 082 |
_a005.133 _bABB |
||
| 100 | _aABBEY, Michael | ||
| 245 | 0 | _aOracle 9i A Beginner's Guide | |
| 250 | _aRep | ||
| 260 |
_aN.Delhi _bTMH _c2007 |
||
| 300 | _a515 | ||
| 650 | _aMCA | ||
| 942 |
_2ddc _cBK |
||
| 999 |
_c3731 _d3731 |
||